000 00455nam a2200169Ia 4500
005 20250508162728.0
008 008 250505s9999 xx 000 0 eng d
037 _aTextual
040 _aFEDL
_beng
_cFEDL
041 _aeng
_2eng
084 _a354.54, IND
_qFEDL
245 0 _aCommission on centre-state relations : Report. Part 1
260 _c1988
300 _avii,594p.
942 _cTEXL
_h354.54, IND
999 _c1378353
_d1378353